000 00640nam a2200253Ia 4500
001 45964
005 20240114003733.0
007 ta
008 090325s1958 g b000 u 465 u
020 _cHB
040 _aCotton College,Assam
041 _a465
082 _a589.235
_bC663 P
100 _aCochrane, Vincent W. .
245 0 _aPhysiology of Fungi /
_cVincent W. Cochrane.
_hTextual Documents
250 _a1st ed /
260 _aNew York :
_bJohn Wiley & Sons ,
_c1958.
300 _a524p ;
_c23 cm.
653 _aBotany
653 _aT/G-Botany
942 _2ddc
_cBK
999 _c45929
_d45929